| 000 | 00904nam a2200229 a 4500 | ||
|---|---|---|---|
| 001 | 12917 | ||
| 003 | BD-JhCC | ||
| 005 | 20230604093805.0 | ||
| 008 | 230604s2020 b |||| |||| 000 0 b d | ||
| 035 | _a(BD-JhCC)12917 | ||
| 040 |
_aBD-JhCC _dBD-JhCC |
||
| 041 | _aben | ||
| 082 |
_a297.74 _bKHA 2020 |
||
| 100 | _aখান, উস্তাদ নোমন আলী | ||
| 245 |
_aকুর’আনের রত্ন / _cউস্তাদ নোমন আলী খান; নোমান আলী খান বাংলা টিম (অনু.) |
||
| 260 |
_aঢাকা : _bবুকিশ পাবলিশার্স, _c২০২০ |
||
| 300 |
_a১৬৭ পৃ. : _c২১ সেমি. |
||
| 490 | _aনোমান আলী খান সিরিজ - ৩ | ||
| 650 | _aDawa---Islam | ||
| 710 | _aনোমান আলী খান বাংলা টিম | ||
| 942 |
_2ddc _cBK |
||
| 999 |
_c12917 _d12917 |
||